1311 1839 1006 1301 1288 1595 1656 1682 1378 1353 1322 1439 1204 1817 1703 1121 1989 1056 1459 1270 1808 1019 1096 1183 1722 1912 1196 1875 1705 1301 1416 1421 1382 1400 1835 1590 1534 1106 1311 1105 1827 1075 1368 1423 1641 1481 1146 1461 1379 1371 1531 1856 1570 1696 1252 1914 1820 1101 1940 1261 1249 1637 1643 1925 1960 1235 1255 1556 1052 1707 1054 1383 1609 1060 1009 1128 1062 1655 1864 1728 1875 1314 1054 1956 1122 1412 1281 1050 1280 1438 1432 1549 1331 1201 1783 1018 1893 1787 1203 BCNSPRNW ULIB Ver.6.0+V

เปลี่ยนเป็นภาษาไทย

Change to English
 แสดงรายละเอียดบรรณานุกรม
  กลับหน้าหลัก

Brief Record : Get Marc (ISO 2709) : E-mail record : QR code < ปิดหน้าต่าง
LEADER : 00000nam 2200000uu 4500
001    13399111299
003     ULIB
008    110622s2551||||th 000 0 tha d
020    9789740621355
050 04 BF724^bภ661ค 2551
100 0  ภูฟ้า
245 10 คู่มือวัยใส ไขเรื่องลับสำหรับวัยทีน (ส์) /^cภูฟ้า
260    กรุงเทพฯ :^bฟีลกูด,^c2551
300    224 หน้า
650  2 Adolescent psychology
945    ^p165^l0^i024974
945    ^p165^l0^i024975
995    ทศพร
999 ^a ใช้งานได้ทุกระบบ
รายการนี้ยังไม่มีแท็ก
คุณยังไม่ได้ล็อกอิน คุณสามารถมีกิจกรรมร่วมกับเว็บไซต์ได้ แต่ต้องล็อกอินก่อน ::
  ล็อกอิน

รายการสื่อสารสนเทศ

ลำดับที่ ประเภท เลขเรียก/บาร์โค้ด สถานที่ สถานะ
- ไม่พบข้อมูล -

รายการใกล้เคียง
    ผู้แต่ง [ภูฟ้า]

    หัวเรื่อง [Adolescent psychology]

BibComment


ยังไม่เคยถูกคอมเมนท์

คอมเมนท์ทรัพยากรรายการนี้
  คอมเมนท์: คู่มือวัยใส ไขเรื..


 Copyright 2026. Bcnsprnw @Library